| 000 | 00739nam a2200217Ia 4500 | ||
|---|---|---|---|
| 003 | CO-CtgCURN | ||
| 005 | 20250410184505.0 | ||
| 008 | 190722s9999 xx 000 0 und d | ||
| 020 | _a9586761711 | ||
| 040 |
_aCO-CtgCURN _bspa _ccoctgcurn |
||
| 082 |
_a342.861 _bS684p |
||
| 100 | _aSolano Sierra, Jairo Enrique | ||
| 245 | 0 |
_aPractica administrativa / _cJairo Enrique Solano Sierra |
|
| 260 |
_aBogotá, Colombia : _bEdiciones Doctrina y Ley, _c2002 |
||
| 300 |
_a938 páginas ; _c23 centímetros |
||
| 521 | _aAREA PROFESIONAL | ||
| 590 | _aPrograma de Derecho_18 | ||
| 650 | _aDerecho administrativo | ||
| 942 |
_cBK _h342.861 _iS684p _2ddc _n0 |
||
| 999 |
_c28505 _d28505 |
||